[Event "RUS-chT rapid"]
[Site "Sochi"]
[Date "2019.10.18"]
[Round "1.2"]
[White "Denishev, Marat"]
[Black "Iljin, Artem"]
[Result "0-1"]
[WhiteElo "2167"]
[BlackElo "2509"]
[PlyCount "148"]
[EventDate "2019.10.18"]
[EventType "team-swiss (rapid)"]
[EventRounds "9"]
[EventCountry "RUS"]
[SourceTitle "CBM 192 Extra"]
[Source "Chessbase"]
[SourceDate "2019.11.06"]
[SourceVersion "1"]
[SourceVersionDate "2019.11.06"]
[SourceQuality "1"]
[WhiteTeam "Manipoulus (Sam, Mosk, Nizhny)"]
[BlackTeam "Rook (Kazan)"]
[WhiteTeamCountry "RUS"]
[BlackTeamCountry "RUS"]

1. e4 c5 2. Nf3 e6 3. b3 Nc6 4. Bb2 d6 5. d4 cxd4 6. Nxd4 Nf6 7. Nxc6 bxc6 8. Bd3 e5 9. 0-0 Be7 10. c4 Nd7 11. Nc3 Nc5 12. Bc2 0-0 13. Ne2 a5 14. f4 exf4 15. Nxf4 Bf6 16. e5 dxe5 17. Nh5 Be7 18. Qf3 f6 19. Qg3 Rf7 20. Rad1 Qf8 21. h3 Be6 22. Qe3 g6 23. Ng3 Rd8 24. Bc3 Rxd1 25. Rxd1 Nd7 26. Qe2 Bb4 27. Bb2 Qb8 28. Ne4 Kg7 29. Kh1 Bf8 30. Bc1 Nc5 31. Nd2 Rd7 32. Rf1 Qd8 33. Nf3 Qc7 34. Qe3 Kg8 35. Bb2 Bf7 36. Qf2 Ne6 37. Nd2 f5 38. Nf3 Bg7 39. Qe3 e4 40. Bxg7 Nxg7 41. Ng5 Ne6 42. Nxf7 Rxf7 43. Qc3 c5 44. a3 Nd4 45. Bd1 Qb6 46. Qg3 Qc7 47. Qc3 Nc6 48. Qd2 Qe5 49. Be2 f4 50. Qd5 Qxd5 51. cxd5 Nd4 52. Bc4 Rf6 53. d6+ Kf8 54. h4 h6 55. Bd5 e3 56. Bc4 g5 57. hxg5 hxg5 58. Kh2 Rh6+ 59. Kg1 Rxd6 60. Rc1 Ke7 61. Kf1 Rh6 62. Kg1 Kd6 63. Rd1 Ke5 64. Rb1 g4 65. b4 axb4 66. axb4 Rb6 67. b5 f3 68. gxf3 gxf3 69. Ra1 Nxb5 70. Rb1 Rg6+ 71. Kh2 Nd4 72. Bd3 Rg2+ 73. Kh3 e2 74. Rc1 Kf4 0-1

[Event "RUS-chT rapid"]
[Site "Sochi"]
[Date "2019.10.18"]
[Round "3.2"]
[White "Potkin, Vladimir"]
[Black "Iljin, Artem"]
[Result "1/2-1/2"]
[WhiteElo "2583"]
[BlackElo "2509"]
[PlyCount "131"]
[EventDate "2019.10.18"]
[EventType "team-swiss (rapid)"]
[EventRounds "9"]
[EventCountry "RUS"]
[SourceTitle "CBM 192 Extra"]
[Source "Chessbase"]
[SourceDate "2019.11.06"]
[SourceVersion "1"]
[SourceVersionDate "2019.11.06"]
[SourceQuality "1"]
[WhiteTeam "Moscow CT (SCM)"]
[BlackTeam "Rook (Kazan)"]
[WhiteTeamCountry "RUS"]
[BlackTeamCountry "RUS"]

1. c4 e6 2. Nc3 d5 3. d4 Nf6 4. cxd5 exd5 5. Bg5 c6 6. e3 Be7 7. Bd3 Nbd7 8. Qc2 h6 9. Bh4 Nh5 10. Bxe7 Qxe7 11. Nge2 Nb6 12. 0-0 0-0 13. Rab1 Bd7 14. b4 a6 15. Nc1 g6 16. a4 Ng7 17. b5 axb5 18. axb5 c5 19. dxc5 Qxc5 20. Nb3 Qe7 21. Nd4 Rfc8 22. Qd2 Ne6 23. Nce2 Nc5 24. Nf4 Ne4 25. Bxe4 dxe4 26. Rfd1 Rc5 27. h3 Ra4 28. Ra1 Rxa1 29. Rxa1 Qd6 30. Qb2 Bc8 31. Rd1 Qc7 32. Nde2 Qe7 33. Ng3 Kh7 34. Nxe4 Qxe4 35. Qf6 Qf5 36. Qxb6 Rxb5 37. Qc7 Rb1 38. Rxb1 Qxb1+ 39. Kh2 Qf5 40. e4 Qd7 41. Qe5 h5 42. Nd5 Qe6 43. Qd4 b5 44. Nf6+ Kh6 45. f4 Bb7 46. Qd8 Qc8 47. Qe7 Kg7 48. Qe5 Qe6 49. Nxh5+ Kf8 50. Qb8+ Bc8 51. f5 gxf5 52. Nf4 Qe8 53. Qd6+ Qe7 54. Qh6+ Ke8 55. Qh8+ Kd7 56. Qd4+ Qd6 57. Qa7+ Ke8 58. e5 Qxe5 59. Kg3 Bd7 60. Qb6 Qc3+ 61. Kh2 Qe5 62. Kg3 Qe1+ 63. Kh2 Qe5 64. Kg3 Qe1+ 65. Kh2 Qe5 66. Kg3 1/2-1/2

[Event "RUS-ch blitz"]
[Site "Sochi"]
[Date "2019.10.17"]
[Round "2"]
[White "Goltsev, Dmitry"]
[Black "Iljin, Artem"]
[Result "1-0"]
[WhiteElo "2309"]
[BlackElo "2509"]
[PlyCount "86"]
[EventDate "2019.10.17"]
[EventType "swiss (blitz)"]
[EventRounds "15"]
[EventCountry "RUS"]
[SourceTitle "CBM 192 Extra"]
[Source "Chessbase"]
[SourceDate "2019.11.06"]
[SourceVersion "1"]
[SourceVersionDate "2019.11.06"]
[SourceQuality "1"]

1. e4 c5 2. Nf3 e6 3. d4 cxd4 4. Nxd4 a6 5. c4 Nf6 6. Nc3 Qc7 7. Be2 Be7 8. 0-0 d6 9. Be3 0-0 10. Rc1 b6 11. f4 Bb7 12. Qd3 Nbd7 13. Bf3 Rac8 14. b3 Rfe8 15. Rfd1 Bf8 16. Qc2 Qb8 17. Nde2 b5 18. cxb5 axb5 19. Qd3 b4 20. Na4 Bc6 21. Nd4 Bxa4 22. bxa4 Nc5 23. Qb5 Nfxe4 24. Nc6 Qxb5 25. axb5 Nc3 26. Rxc3 bxc3 27. Rc1 Na4 28. Bd1 Nb2 29. Bb3 d5 30. Rxc3 Bb4 31. Rc2 Nd3 32. a4 Bd6 33. a5 e5 34. fxe5 Nxe5 35. Bb6 Ng4 36. g3 Re1+ 37. Kg2 h5 38. Ne7+ Rxe7 39. Rxc8+ Kh7 40. Bxd5 Re2+ 41. Kf1 Rxh2 42. a6 Bxg3 43. a7 Bf2 1-0

[Event "RUS-ch blitz"]
[Site "Sochi"]
[Date "2019.10.17"]
[Round "15"]
[White "Ovod, Evgenija"]
[Black "Iljin, Artem"]
[Result "1/2-1/2"]
[WhiteElo "2347"]
[BlackElo "2509"]
[PlyCount "64"]
[EventDate "2019.10.17"]
[EventType "swiss (blitz)"]
[EventRounds "15"]
[EventCountry "RUS"]
[SourceTitle "CBM 192 Extra"]
[Source "Chessbase"]
[SourceDate "2019.11.06"]
[SourceVersion "1"]
[SourceVersionDate "2019.11.06"]
[SourceQuality "1"]

1. e4 c5 2. c3 Nf6 3. e5 Nd5 4. Nf3 e6 5. Bc4 Nb6 6. Bb3 d6 7. d4 cxd4 8. cxd4 dxe5 9. Nxe5 Nc6 10. Nxc6 bxc6 11. 0-0 Be7 12. Bf4 0-0 13. Nc3 Ba6 14. Re1 Bc4 15. Bc2 Nd5 16. Be5 Nf6 17. Rc1 Qa5 18. Bb1 Rfd8 19. Qc2 h6 20. Bxf6 Bxf6 21. Ne4 Bxa2 22. Nxf6+ gxf6 23. Qh7+ Kf8 24. Qxh6+ Ke7 25. Bxa2 Qxa2 26. Rxc6 Rd7 27. Rexe6+ fxe6 28. Qg7+ Ke8 29. Qg8+ Ke7 30. Qg7+ Ke8 31. Qg8+ Ke7 32. Qg7+ Ke8 1/2-1/2

[Event "Riga Tal Memorial blitz"]
[Site "Riga"]
[Date "2019.07.18"]
[Round "4"]
[White "Galliamova, Alisa"]
[Black "Iljin, Artem"]
[Result "0-1"]
[WhiteElo "2444"]
[BlackElo "2509"]
[PlyCount "138"]
[EventDate "2019.07.18"]
[EventType "swiss (blitz)"]
[EventRounds "13"]
[EventCountry "LAT"]
[SourceTitle "CBM 191 Extra"]
[Source "ChessBase"]
[SourceDate "2019.09.30"]
[SourceVersion "1"]
[SourceVersionDate "2019.09.30"]
[SourceQuality "1"]

1. Nf3 d5 2. d4 Nf6 3. c4 c6 4. Qc2 dxc4 5. Qxc4 Bg4 6. Ne5 Be6 7. Qc3 Nbd7 8. Bf4 Nd5 9. Qd2 Nxf4 10. Qxf4 Qa5+ 11. Nc3 Nxe5 12. Qxe5 Qxe5 13. dxe5 f6 14. exf6 exf6 15. 0-0-0 Bb4 16. a3 Bxc3 17. bxc3 Ke7 18. e3 Rad8 19. Be2 Bb3 20. Rxd8 Rxd8 21. Bf3 Ke6 22. Be4 f5 23. Bc2 Bxc2 24. Kxc2 Rd5 25. Rb1 b6 26. Rb4 g6 27. h4 Ra5 28. Kb3 Rd5 29. Kc2 Ke5 30. g3 Ke6 31. Rf4 Re5 32. Rd4 Rd5 33. c4 Rd6 34. Rf4 Ke5 35. g4 fxg4 36. Rxg4 Rf6 37. Rg2 Rf5 38. Kd3 Kf6 39. f4 Rh5 40. Rg4 Ra5 41. Kd4 Rxa3 42. e4 Ke6 43. e5 c5+ 44. Ke4 Rc3 45. h5 Rxc4+ 46. Ke3 Kf7 47. hxg6+ hxg6 48. Rh4 g5 49. Rh7+ Kg6 50. Rxa7 gxf4+ 51. Kf3 Kf5 52. Rb7 Rb4 53. Re7 Rb3+ 54. Kf2 Re3 55. Rb7 Kxe5 56. Rxb6 Ra3 57. Rc6 Kd5 58. Rf6 f3 59. Rf8 Rd3 60. Rd8+ Kc4 61. Rc8 Kb4 62. Rb8+ Kc3 63. Rc8 c4 64. Rc7 Kb3 65. Rb7+ Kc2 66. Rc7 c3 67. Ke1 Re3+ 68. Kf2 Kd2 69. Rd7+ Rd3 0-1

[Event "Riga Tal Memorial blitz"]
[Site "Riga"]
[Date "2019.07.18"]
[Round "8"]
[White "Guseinov, Gadir"]
[Black "Iljin, Artem"]
[Result "0-1"]
[WhiteElo "2654"]
[BlackElo "2509"]
[PlyCount "82"]
[EventDate "2019.07.18"]
[EventType "swiss (blitz)"]
[EventRounds "13"]
[EventCountry "LAT"]
[SourceTitle "CBM 191 Extra"]
[Source "ChessBase"]
[SourceDate "2019.09.30"]
[SourceVersion "1"]
[SourceVersionDate "2019.09.30"]
[SourceQuality "1"]

1. e4 c5 2. Nc3 e6 3. Nf3 a6 4. d4 cxd4 5. Nxd4 b5 6. Bd3 d6 7. 0-0 Nf6 8. Re1 Be7 9. a4 bxa4 10. Nxa4 Bb7 11. Ra3 Nc6 12. Be3 0-0 13. c4 Ne5 14. f3 d5 15. Rb3 dxc4 16. Rxb7 cxd3 17. f4 Nfg4 18. fxe5 Nxe3 19. Qxd3 Ng4 20. Rd1 Nxe5 21. Qf1 Qe8 22. Nb6 Rb8 23. Qxa6 Bc5 24. b4 Bxd4+ 25. Rxd4 Qc6 26. Rxb8 Rxb8 27. Qa7 Rf8 28. h3 Qc1+ 29. Kh2 Qf4+ 30. Kh1 Qf1+ 31. Kh2 Nf3+ 32. gxf3 Qf2+ 33. Kh1 Qxf3+ 34. Kg1 Qe3+ 35. Kg2 Qxd4 36. Qb7 Qxb4 37. Qc6 Qb2+ 38. Kf3 Rd8 39. Nd7 Qd4 40. Nc5 Qd1+ 41. Kf4 Qd6+ 0-1

[Event "Riga Tal Memorial blitz"]
[Site "Riga"]
[Date "2019.07.18"]
[Round "7"]
[White "Iljin, Artem"]
[Black "Demidov, Mikhail"]
[Result "1-0"]
[WhiteElo "2509"]
[BlackElo "2546"]
[PlyCount "101"]
[EventDate "2019.07.18"]
[EventType "swiss (blitz)"]
[EventRounds "13"]
[EventCountry "LAT"]
[SourceTitle "CBM 191 Extra"]
[Source "ChessBase"]
[SourceDate "2019.09.30"]
[SourceVersion "1"]
[SourceVersionDate "2019.09.30"]
[SourceQuality "1"]

1. Nf3 g6 2. d4 Bg7 3. c3 d6 4. e4 Nd7 5. Bd3 b6 6. 0-0 Bb7 7. Re1 e6 8. a4 a6 9. a5 b5 10. c4 bxc4 11. Bxc4 Ne7 12. Nc3 0-0 13. Qd3 c5 14. d5 exd5 15. Nxd5 Nc6 16. Bg5 Nde5 17. Nxe5 Nxe5 18. Qg3 Qd7 19. Nb6 Qe8 20. Bd5 Rb8 21. Bxb7 Rxb7 22. Rad1 Qe6 23. Rd5 h6 24. Bf4 Rd8 25. Red1 Rbb8 26. h3 g5 27. Bc1 Kh7 28. h4 gxh4 29. Qxh4 Qg6 30. Qf4 Nc6 31. Rxd6 Rxd6 32. Rxd6 Be5 33. Rxg6 Bxf4 34. Bxf4 Kxg6 35. Bxb8 Nxb8 36. f4 Nc6 37. Nc4 f5 38. e5 Kh5 39. Kf2 Kg4 40. g3 Nd4 41. Ne3+ Kh3 42. e6 Nxe6 43. Nxf5 h5 44. Kf3 Nd8 45. Ng7 Nc6 46. Nxh5 Nd4+ 47. Ke4 Kg4 48. Ng7 Kxg3 49. Nf5+ Nxf5 50. Kxf5 c4 51. Ke4 1-0

[Event "Riga Tal Memorial blitz"]
[Site "Riga"]
[Date "2019.07.18"]
[Round "11"]
[White "Iljin, Artem"]
[Black "Kovalev, Vladislav"]
[Result "0-1"]
[WhiteElo "2509"]
[BlackElo "2649"]
[PlyCount "56"]
[EventDate "2019.07.18"]
[EventType "swiss (blitz)"]
[EventRounds "13"]
[EventCountry "LAT"]
[SourceTitle "CBM 191 Extra"]
[Source "ChessBase"]
[SourceDate "2019.09.30"]
[SourceVersion "1"]
[SourceVersionDate "2019.09.30"]
[SourceQuality "1"]

1. Nf3 Nf6 2. c4 g6 3. Nc3 Bg7 4. d4 0-0 5. Bg5 d6 6. e3 c5 7. d5 b5 8. cxb5 Qa5 9. Nd2 a6 10. Nc4 Qd8 11. a4 Nbd7 12. Be2 Bb7 13. e4 h6 14. Be3 axb5 15. axb5 Qc7 16. Rxa8 Rxa8 17. 0-0 Nb6 18. Nxb6 Qxb6 19. b4 Nd7 20. Na4 Qa7 21. bxc5 dxc5 22. Nxc5 Nxc5 23. Qc2 Qa2 24. Qxc5 Qxe2 25. b6 Ba6 26. Rb1 Qd3 27. Rc1 Qxe4 28. Qa5 Bb7 0-1

[Event "Riga Tal Memorial rapid"]
[Site "Riga"]
[Date "2019.07.17"]
[Round "10"]
[White "Iljin, Artem"]
[Black "Ravi, Teja Sanka"]
[Result "0-1"]
[WhiteElo "2509"]
[BlackElo "2410"]
[PlyCount "82"]
[EventDate "2019.07.16"]
[EventType "swiss (rapid)"]
[EventRounds "11"]
[EventCountry "LAT"]
[SourceTitle "CBM 191 Extra"]
[Source "ChessBase"]
[SourceDate "2019.09.30"]
[SourceVersion "1"]
[SourceVersionDate "2019.09.30"]
[SourceQuality "1"]

1. Nf3 d5 2. c4 c6 3. e3 Nf6 4. Nc3 e6 5. b3 Nbd7 6. Bb2 b6 7. d4 Bb7 8. Bd3 Bd6 9. 0-0 0-0 10. Qe2 Re8 11. e4 e5 12. cxd5 cxd5 13. Nb5 Bb8 14. Nxe5 a6 15. Nxd7 Qxd7 16. Na3 dxe4 17. Bb1 Ng4 18. g3 Nf6 19. Nc4 Qh3 20. Ne3 Bd6 21. Rd1 Bc8 22. Qf1 Qh5 23. Bc2 Ng4 24. Nxg4 Bxg4 25. Re1 Bf3 26. Bd1 b5 27. Re3 Re6 28. Bxf3 exf3 29. Rxe6 fxe6 30. Re1 Qf5 31. Re3 Rf8 32. Qd3 Qd5 33. Qd1 Rf6 34. Bc3 g5 35. Qd3 g4 36. Qe4 h5 37. Qxd5 exd5 38. h3 gxh3 39. Be1 h4 40. g4 h2+ 41. Kh1 Rg6 0-1

[Event "Wch Blitz"]
[Site "St Petersburg"]
[Date "2018.12.30"]
[Round "17"]
[White "Apryshko, Gleb"]
[Black "Iljin, Artem"]
[Result "0-1"]
[WhiteElo "2385"]
[BlackElo "2509"]
[PlyCount "48"]
[EventDate "2018.12.29"]
[EventType "swiss (blitz)"]
[EventRounds "21"]
[EventCountry "RUS"]
[SourceTitle "CBM 187 Extra"]
[Source "ChessBase"]
[SourceDate "2018.11.04"]
[SourceVersion "1"]
[SourceVersionDate "2018.11.04"]
[SourceQuality "1"]

1. e4 c5 2. Nf3 e6 3. Nc3 a6 4. g3 b5 5. d4 cxd4 6. Nxd4 Bb7 7. Bg2 Nf6 8. 0-0 b4 9. Nd5 exd5 10. exd5 Bc5 11. Re1+ Kf8 12. Nf5 Qb6 13. Qe2 h6 14. Bf4 a5 15. d6 Nc6 16. Qf3 Nd8 17. Qe2 Ne6 18. Bxb7 Qxb7 19. Be5 Ne8 20. Qh5 g6 21. Qh4 Ng5 22. Kf1 Qh1+ 23. Ke2 Qf3+ 24. Kd2 Qxf5 0-1

[Event "Wch Blitz"]
[Site "St Petersburg"]
[Date "2018.12.30"]
[Round "13"]
[White "Iljin, Artem"]
[Black "Baron, Tal"]
[Result "0-1"]
[WhiteElo "2509"]
[BlackElo "2532"]
[PlyCount "68"]
[EventDate "2018.12.29"]
[EventType "swiss (blitz)"]
[EventRounds "21"]
[EventCountry "RUS"]
[SourceTitle "CBM 187 Extra"]
[Source "ChessBase"]
[SourceDate "2018.11.04"]
[SourceVersion "1"]
[SourceVersionDate "2018.11.04"]
[SourceQuality "1"]

1. Nf3 Nf6 2. c4 c5 3. Nc3 d5 4. cxd5 Nxd5 5. d4 Nxc3 6. bxc3 g6 7. Bg5 Bg7 8. e3 0-0 9. Be2 b6 10. 0-0 h6 11. Bh4 Bb7 12. Qb3 Qc7 13. Rfd1 e6 14. Rab1 Be4 15. Rbc1 Nd7 16. Nd2 Bd5 17. c4 Bb7 18. d5 e5 19. Ne4 f5 20. Nc3 g5 21. Bg3 f4 22. d6 Qd8 23. Bg4 fxg3 24. hxg3 e4 25. Nd5 Bxd5 26. Rxd5 Ne5 27. Be6+ Kh8 28. g4 Qf6 29. Bf5 Rad8 30. Rcd1 h5 31. Qc2 Nxg4 32. Qxe4 Nh6 33. Bg6 Qxf2+ 34. Kh1 Ng4 0-1

[Event "Wch Blitz"]
[Site "St Petersburg"]
[Date "2018.12.30"]
[Round "21"]
[White "Iljin, Artem"]
[Black "Gasanov, Eldar"]
[Result "1/2-1/2"]
[WhiteElo "2509"]
[BlackElo "2499"]
[PlyCount "73"]
[EventDate "2018.12.29"]
[EventType "swiss (blitz)"]
[EventRounds "21"]
[EventCountry "RUS"]
[SourceTitle "CBM 187 Extra"]
[Source "ChessBase"]
[SourceDate "2018.11.04"]
[SourceVersion "1"]
[SourceVersionDate "2018.11.04"]
[SourceQuality "1"]

1. Nf3 b6 2. g3 Bb7 3. Bg2 g6 4. 0-0 Bg7 5. d4 Nf6 6. c4 0-0 7. b3 e6 8. Bb2 d5 9. cxd5 exd5 10. Nc3 Re8 11. Rc1 Na6 12. e3 c6 13. Ne2 Nc7 14. Nf4 Ne6 15. Nd3 Ne4 16. Rc2 a5 17. a4 Rc8 18. Qc1 Rc7 19. Rd1 Qa8 20. Nfe5 Rec8 21. Nf4 Nxf4 22. gxf4 c5 23. dxc5 Nxc5 24. Qb1 Ne4 25. Rxc7 Rxc7 26. Bxe4 dxe4 27. Nd7 Qc8 28. Bxg7 Rxd7 29. Rc1 Rc7 30. Rxc7 Qg4+ 31. Kh1 Qf3+ 32. Kg1 Qg4+ 33. Kh1 Qf3+ 34. Kg1 Qg4+ 35. Kh1 Qf3+ 36. Kg1 Qg4+ 37. Kh1 1/2-1/2

[Event "Wch Blitz"]
[Site "St Petersburg"]
[Date "2018.12.30"]
[Round "18"]
[White "Iljin, Artem"]
[Black "Oganian, Miran"]
[Result "1-0"]
[WhiteElo "2509"]
[BlackElo "2423"]
[PlyCount "85"]
[EventDate "2018.12.29"]
[EventType "swiss (blitz)"]
[EventRounds "21"]
[EventCountry "RUS"]
[SourceTitle "CBM 187 Extra"]
[Source "ChessBase"]
[SourceDate "2018.11.04"]
[SourceVersion "1"]
[SourceVersionDate "2018.11.04"]
[SourceQuality "1"]

1. Nf3 d5 2. d4 Nf6 3. e3 g6 4. c4 Bg7 5. Nc3 0-0 6. Qb3 e6 7. Bd2 b6 8. Be2 Bb7 9. cxd5 exd5 10. 0-0 Nbd7 11. Rfd1 Re8 12. a4 a5 13. Rac1 Bf8 14. Ne1 c6 15. Nd3 Bd6 16. f4 Rc8 17. Ne5 Nf8 18. Be1 N6d7 19. e4 Kg7 20. exd5 cxd5 21. Bf3 Ne6 22. Bg3 Nf6 23. Nb5 Bb4 24. Bh4 Nxf4 25. Qe3 Ne6 26. Rxc8 Qxc8 27. Bxf6+ Kxf6 28. Qh6 Ke7 29. Qxh7 Ng5 30. Qh4 Qf5 31. Rf1 Bd2 32. Kh1 Kf8 33. Be2 Qe6 34. Bd3 Bc8 35. Bxg6 Kg7 36. Bxf7 Rh8 37. Qg3 Qh6 38. Bxd5 Be3 39. Rf7+ Kg8 40. Rf6+ Be6 41. Rxh6 Bxd5 42. Rxh8+ Kxh8 43. Qxe3 1-0

[Event "Wch Blitz"]
[Site "St Petersburg"]
[Date "2018.12.30"]
[Round "19"]
[White "Yakubboev, Nodirbek"]
[Black "Iljin, Artem"]
[Result "1/2-1/2"]
[WhiteElo "2556"]
[BlackElo "2509"]
[PlyCount "52"]
[EventDate "2018.12.29"]
[EventType "swiss (blitz)"]
[EventRounds "21"]
[EventCountry "RUS"]
[SourceTitle "CBM 187 Extra"]
[Source "ChessBase"]
[SourceDate "2018.11.04"]
[SourceVersion "1"]
[SourceVersionDate "2018.11.04"]
[SourceQuality "1"]

1. d4 d5 2. c4 e6 3. Nf3 Nf6 4. g3 Be7 5. Bg2 0-0 6. 0-0 dxc4 7. Ne5 c5 8. dxc5 Qc7 9. Nxc4 Qxc5 10. Qb3 Nc6 11. Be3 Qh5 12. Nc3 e5 13. Rad1 Ng4 14. h4 Bxh4 15. gxh4 Qxh4 16. Rfe1 Qh2+ 17. Kf1 Nxe3+ 18. Nxe3 Bh3 19. f3 Nd4 20. Qxb7 Nf5 21. Ncd5 Nh4 22. Bxh3 Qxh3+ 23. Kg1 Qg3+ 24. Kh1 Qh3+ 25. Kg1 Qg3+ 26. Kf1 Qh3+ 1/2-1/2

[Event "Wch Blitz"]
[Site "St Petersburg"]
[Date "2018.12.29"]
[Round "12"]
[White "Petrov, Nikita"]
[Black "Iljin, Artem"]
[Result "1-0"]
[WhiteElo "2593"]
[BlackElo "2509"]
[PlyCount "63"]
[EventDate "2018.12.29"]
[EventType "swiss (blitz)"]
[EventRounds "21"]
[EventCountry "RUS"]
[SourceTitle "CBM 187 Extra"]
[Source "ChessBase"]
[SourceDate "2018.11.04"]
[SourceVersion "1"]
[SourceVersionDate "2018.11.04"]
[SourceQuality "1"]

1. e4 c5 2. Nc3 e6 3. Nge2 a6 4. g3 b5 5. Bg2 Bb7 6. 0-0 Nf6 7. d3 d6 8. f4 Nbd7 9. f5 b4 10. fxe6 fxe6 11. Nf4 bxc3 12. Nxe6 Qc8 13. bxc3 Ne5 14. Bh3 Qc6 15. Bg5 Ned7 16. Rb1 h6 17. Bxf6 Nxf6 18. Rxf6 gxf6 19. Qh5+ Ke7 20. Nf4 Bg7 21. Ng6+ Kd8 22. Nxh8 Bxh8 23. Qxh6 Kc7 24. Qh7+ Kb8 25. Be6 Qc7 26. Qxh8+ Ka7 27. Qxf6 Re8 28. Qf5 Qg7 29. Bd5 Bc8 30. Qf7+ Qxf7 31. Bxf7 Rf8 32. Bd5 1-0

[Event "Nezhmetdinov Memorial rapid 37th"]
[Site "Kazan"]
[Date "2015.05.30"]
[Round "6"]
[White "Iljin, Artem"]
[Black "Bocharov, Dmitry"]
[Result "0-1"]
[WhiteElo "2537"]
[BlackElo "2577"]
[PlyCount "64"]
[EventDate "2015.05.29"]
[EventType "swiss (rapid)"]
[EventRounds "9"]
[EventCountry "RUS"]
[SourceTitle "CBM 166 Extra"]
[Source "ChessBase"]
[SourceDate "2015.06.18"]
[SourceVersion "1"]
[SourceVersionDate "2015.06.18"]
[SourceQuality "1"]

1. Nf3 g6 2. d4 Bg7 3. c3 Nf6 4. Bg5 h6 5. Bh4 d6 6. Nbd2 c5 7. dxc5 dxc5 8. e4 Nc6 9. Bc4 0-0 10. Qe2 Nh5 11. Qe3 Na5 12. Qxc5 Nxc4 13. Qxc4 Be6 14. Qb4 Nf4 15. 0-0 g5 16. Bg3 Ne2+ 17. Kh1 g4 18. Nd4 Nxd4 19. cxd4 Qxd4 20. Qxd4 Bxd4 21. e5 Rfd8 22. Ne4 Rac8 23. Nc3 b5 24. Rfd1 b4 25. Na4 b3 26. axb3 Bxb3 27. Re1 Rc2 28. Kg1 Rdc8 29. h3 gxh3 30. gxh3 R8c4 31. Nc3 Rxb2 32. Nd5 Rcc2 0-1

[Event "Nezhmetdinov Memorial rapid 37th"]
[Site "Kazan"]
[Date "2015.05.29"]
[Round "3"]
[White "Iljin, Artem"]
[Black "Vorobiov, Evgeny E"]
[Result "1/2-1/2"]
[WhiteElo "2537"]
[BlackElo "2579"]
[PlyCount "113"]
[EventDate "2015.05.29"]
[EventType "swiss (rapid)"]
[EventRounds "9"]
[EventCountry "RUS"]
[SourceTitle "CBM 166 Extra"]
[Source "ChessBase"]
[SourceDate "2015.06.18"]
[SourceVersion "1"]
[SourceVersionDate "2015.06.18"]
[SourceQuality "1"]

1. Nf3 g6 2. d4 Nf6 3. Bg5 Bg7 4. c3 0-0 5. Nbd2 d6 6. e4 Qe8 7. Bd3 e5 8. 0-0 h6 9. Bh4 Nh5 10. Re1 Nc6 11. dxe5 dxe5 12. Bf1 Bg4 13. Qb3 Rb8 14. Re3 a6 15. Rae1 Kh7 16. Be2 Nf4 17. Bf1 f6 18. Bg3 Nh5 19. a4 Qe7 20. Nc4 Rfd8 21. Qc2 Be6 22. Nfd2 b5 23. axb5 axb5 24. Na3 Nxg3 25. hxg3 b4 26. Nac4 bxc3 27. bxc3 h5 28. Rd1 Bh6 29. Ree1 Rd7 30. Ne3 Bxe3 31. Rxe3 Rbd8 32. Ree1 Qc5 33. Nf3 Rxd1 34. Rxd1 Rxd1 35. Qxd1 Qxc3 36. Qa4 Bg4 37. Bc4 Nd4 38. Nxd4 Qxd4 39. Qc6 Qd6 40. Qe8 Qd7 41. Qg8+ Kh6 42. Qh8+ Kg5 43. Bd5 c6 44. f4+ exf4 45. gxf4+ Kxf4 46. Qxf6+ Ke3 47. Qc3+ Kf4 48. Qf6+ Ke3 49. Bxc6 Qd4 50. Qxd4+ Kxd4 51. Be8 g5 52. Bg6 h4 53. Kf2 Bd7 54. Bf5 Bxf5 55. exf5 Ke5 56. g4 hxg3+ 57. Kxg3 1/2-1/2

[Event "RUS-chT blitz"]
[Site "Sochi"]
[Date "2015.05.10"]
[Round "1.5"]
[White "Andreikin, Dmitry"]
[Black "Iljin, Artem"]
[Result "1/2-1/2"]
[WhiteElo "2723"]
[BlackElo "2537"]
[PlyCount "102"]
[EventDate "2015.05.10"]
[EventType "team-swiss (blitz)"]
[EventRounds "11"]
[EventCountry "RUS"]
[SourceTitle "CBM 166 Extra"]
[Source "ChessBase"]
[SourceDate "2015.06.18"]
[SourceVersion "1"]
[SourceVersionDate "2015.06.18"]
[SourceQuality "1"]
[WhiteTeam "Belorechensk Univ"]
[BlackTeam "Kazan Ladya II"]
[WhiteTeamCountry "RUS"]
[BlackTeamCountry "RUS"]

1. d4 Nf6 2. Bg5 e6 3. Nd2 h6 4. Bh4 c5 5. e3 b6 6. Ngf3 Bb7 7. Bd3 Be7 8. c3 Nc6 9. 0-0 0-0 10. Rc1 cxd4 11. cxd4 Nh5 12. Bxe7 Nxe7 13. Qe2 Nf6 14. Ba6 Bxa6 15. Qxa6 Nc6 16. Ne5 Nxe5 17. dxe5 Ng4 18. Nc4 f6 19. exf6 Qxf6 20. f3 Ne5 21. Nd6 Nc6 22. Qe2 Qe5 23. Rfd1 a6 24. Nc4 Qc7 25. Nd6 b5 26. Rc2 Qb6 27. Kh1 Nb4 28. Rcd2 Nd5 29. e4 Qxd6 30. exd5 e5 31. Rd3 Rae8 32. Re3 Rf4 33. h3 Rc4 34. Qd3 Rc5 35. f4 Rc4 36. fxe5 Rxe5 37. b3 Rc8 38. Rxe5 Qxe5 39. d6 Rf8 40. a4 Rf6 41. axb5 axb5 42. Qd5+ Qxd5 43. Rxd5 b4 44. Kg1 Kf7 45. Rd4 Ke6 46. h4 Ke5 47. Rxb4 Rxd6 48. Kf2 Rd2+ 49. Kf3 d5 50. Rg4 Rd3+ 51. Ke2 Rxb3 1/2-1/2

[Event "RUS-chT rapid"]
[Site "Sochi"]
[Date "2015.05.09"]
[Round "5.13"]
[White "Iljin, Artem"]
[Black "Zvjaginsev, Vadim"]
[Result "1/2-1/2"]
[WhiteElo "2537"]
[BlackElo "2660"]
[PlyCount "54"]
[EventDate "2015.05.08"]
[EventType "team-swiss"]
[EventRounds "9"]
[EventCountry "RUS"]
[SourceTitle "CBM 166 Extra"]
[Source "ChessBase"]
[SourceDate "2015.06.18"]
[SourceVersion "1"]
[SourceVersionDate "2015.06.18"]
[SourceQuality "1"]
[WhiteTeam "Kazan Ladya II"]
[BlackTeam "Moscow Our Heritage II"]
[WhiteTeamCountry "RUS"]
[BlackTeamCountry "RUS"]

1. Nf3 c5 2. c4 g6 3. d4 cxd4 4. Nxd4 Nf6 5. Nc3 d5 6. cxd5 Nxd5 7. Ndb5 Nxc3 8. Qxd8+ Kxd8 9. Nxc3 Bg7 10. Bd2 Be6 11. g3 Nc6 12. Bg2 Rc8 13. 0-0 Ke8 14. Rac1 f5 15. Nd5 Kf7 16. Bc3 Rhd8 17. Rfd1 Bxc3 18. Nxc3 Rxd1+ 19. Rxd1 Na5 20. e4 b6 21. exf5 gxf5 22. Bd5 Nc4 23. b3 Ne3 24. Bxe6+ Kxe6 25. Rd3 Ng4 26. h3 Nf6 27. Kg2 a6 1/2-1/2